000 01237nam a2200313 a 4500
001 ebr10553340
003 CaPaEBR
006 m u
007 cr cn|||||||||
008 120423s2012 enka sb 001 0 eng d
020 _z9781847356796 (hardback)
020 _z9781847356802 (softback)
020 _z9781847356819 (e-book)
040 _aCaPaEBR
_cCaPaEBR
035 _a(OCoLC)794490468
050 1 4 _aTA418.9.F5
_bH34 2012eb
100 1 _aHaghi, Akbar K.
245 1 0 _aAdvances in nanofibre research.
_nVolume 2
_h[electronic resource] /
_cAkbar K. Haghi and Gennady Zaikov.
260 _aShawbury, England :
_bSmithers Rapra,
_c2012.
300 _aviii, 120 p. :
_bill.
490 0 _aAdvances in nanofibre research ;
_vv. 2
504 _aIncludes bibliographical references and index.
533 _aElectronic reproduction.
_bPalo Alto, Calif. :
_cebrary,
_d2013.
_nAvailable via World Wide Web.
_nAccess may be limited to ebrary affiliated libraries.
650 0 _aNanofibers.
655 7 _aElectronic books.
_2local
700 1 _aZaikov, Gennady.
710 2 _aebrary, Inc.
856 4 0 _uhttp://site.ebrary.com/lib/rucke/Doc?id=10553340
_zAn electronic book accessible through the World Wide Web; click to view
999 _c199911
_d199911